LEADER 01164nam 2200289Ia 450 001 996395093303316 005 20221107205236.0 035 $a(CKB)4330000000318107 035 $a(EEBO)2240880791 035 $a(OCoLC)11659952 035 $a(EXLCZ)994330000000318107 100 $a19850205d1652 uy | 101 0 $aeng 135 $aurbn||||a|bb| 200 13$aAn exposition with practical observations, continued upon the eleventh, twelfth, thirteenth, and fourteenth chapters of the book of Job$b[electronic resource] $ebeing the sum of XXXV lectures, delivered at Magnus near the Bridg, London /$fby Joseph Caryl 210 $aLondon $cPrinted by J. Macock, for Luke Fawn$d1652 215 $a[10], 672, [19] p 300 $aReproduction of original in Bristol Public Library, Bristol, England. 330 $aeebo-0016 700 $aCaryl$b Joseph$f1602-1673.$01003625 801 0$bEAA 801 1$bEAA 801 2$bWaOLN 906 $aBOOK 912 $a996395093303316 996 $aAn exposition with practical observations, continued upon the eleventh, twelfth, thirteenth, and fourteenth chapters of the book of Job$92415423 997 $aUNISA